The power of positive thinking for young people / (Record no. 188510)

000 -LEADER
fixed length control field 00976 a2200193 4500
003 - CONTROL NUMBER IDENTIFIER
control field Nust
005 - DATE AND TIME OF LATEST TRANSACTION
control field 20230214094539.0
010 ## - LIBRARY OF CONGRESS CONTROL NUMBER
LC control number 54011547
040 ## - CATALOGING SOURCE
Transcribing agency Nust
082 ## - DEWEY DECIMAL CLASSIFICATION NUMBER
Classification number 158,PEA
100 ## - MAIN ENTRY--PERSONAL NAME
Personal name Peale, Norman Vincent,
9 (RLIN) 98914
245 ## - TITLE STATEMENT
Title The power of positive thinking for young people /
Statement of responsibility, etc. Norman Vincent Peale,
260 ## - PUBLICATION, DISTRIBUTION, ETC.
Place of publication, distribution, etc. Prentice-Hall
Name of publisher, distributor, etc. New York,
Date of publication, distribution, etc. 1955
300 ## - PHYSICAL DESCRIPTION
Extent vii,217 p.:
Other physical details illus
Dimensions 21 cm
505 ## - FORMATTED CONTENTS NOTE
Formatted contents note Trust yourself (Page-1), Power Comes from a quiet Mind (Page-8), How to Pray (Page-34), You Make your own Happiness (Page-46), Stop Fuming and Fretting (Page-62), You Get What you Expect (Page-81), Be Winner (Page-100), Why Worry (Page-118), Ten Ways to solve your Problems (Page-129), What to do in Slump (Page-142), You are what you think (Page-154), Easy Does it (Page-169), You Like People People Like you (Page-185), Why not use that Higher Powers (Page-205).
600 ## - SUBJECT ADDED ENTRY--PERSONAL NAME
Personal name Peale, Norman Vincent,
9 (RLIN) 98914
650 ## - SUBJECT ADDED ENTRY--TOPICAL TERM
Topical term or geographic name entry element Psychology
942 ## - ADDED ENTRY ELEMENTS (KOHA)
Source of classification or shelving scheme
Koha item type Book
Holdings
Withdrawn status Lost status Source of classification or shelving scheme Damaged status Not for loan Permanent Location Current Location Shelving location Date acquired Total Checkouts Full call number Barcode Date last seen Date last checked out Price effective from Koha item type Public note
          Military College of Signals (MCS) Military College of Signals (MCS) General Stacks 12/12/2016 1 158,PEA MCS29581 02/14/2023 12/13/2022 12/12/2016 Book Almirah No.46 Shelf No.5
© 2023 Central Library, National University of Sciences and Technology. All Rights Reserved.